| 000 | 00392nam a2200169Ia 4500 | ||
|---|---|---|---|
| 008 | 210210b1950 xxu||||| |||| 00| 0 eng d | ||
| 041 | _aeng | ||
| 082 | _a825/551 | ||
| 100 | _aMALLALBEY (G) | ||
| 245 | _aWordsworth a tribute | ||
| 260 |
_aOxford _bBasil Blackwell _c1950 |
||
| 650 | _aWordsworth | ||
| 650 | _atribute | ||
| 650 | _aa | ||
| 690 | _aEnglish Criticism | ||
| 906 | _a014867 | ||
| 999 |
_c134091 _d134091 |
||